| 000 | 00568cam a22002051 4500 | ||
|---|---|---|---|
| 001 | ca 35000325 | ||
| 003 | DLC | ||
| 005 | 20260227111137.0 | ||
| 008 | 791005s1934 mnu 000 0 eng | ||
| 010 | _aca 35000325 | ||
| 035 | _a(OCoLC)5472734 | ||
| 040 |
_aDLC _cOCl _dDLC |
||
| 042 | _apremarc | ||
| 050 | 0 | 0 |
_aPS3531.H37 _bM5 1934 |
| 082 | _a812.5 | ||
| 100 | 1 | _aPhelps, Pauline. | |
| 245 | 1 | 3 |
_a"A million dollar joke", _ba comedy in three acts, _cby Pauline Phelps. |
| 260 |
_aMinneapolis, Minn., _bThe Northwestern press, _cc1934. |
||
| 300 |
_a83 p. _c19 cm. |
||
| 999 |
_c17778 _d17778 |
||